000
00303nam a2200121Ia 4500
008
190216s9999||||xx |||||||||||||| ||und||
100
_a
Unni Krishnan Nair A G&Amp; Gopimani R
245
0
_a
Sasya Sasthram
260
_b
Kerala Bhasha Institute
_c
1972
300
_a
551p
650
_a
Botany
942
_c
BK
999
_c
37566
_d
37566